Libertad real para todos qué puede justificar al capitalismo (si hay algo que pueda hacerlo) (Registro nro. 50796)

Detalles MARC
000 -ENCABEZADO
Número de control [NR] 01034nam a2200277Ia 4500
005 - FECHA Y HORA DE LA ÚLTIMA TRANSACCIÓN
control field 20211111074326.0
008 - DE LONGITUD FIJA DE DATOS DE ELEMENTOS - INFORMACIÓN GENERAL
Elementos de longitud fija [NR] 130821s1996 sp gr spa
020 ## - NUMERO INTERNACIONAL NORMALIZADO PARA LIBROS [R]
Número Internacional Normalizado del libro [NR] 8449302951
040 ## - FUENTE DE CATALOGACION [NR]
Agencia de catalogación original [NR] Co-BoUCM
Idioma de catalogación [NR] spa
041 00 - CODIGO DE IDIOMA [R]
Código de idioma para texto/pista de sonido o título separado [R] Español
100 1# - ASIENTO PRINCIPAL--NOMBRE PERSONAL [NR]
Nombre personal [NR] Van Parijs, Philippe.
ID Autoridad 163023
245 10 - MENCION DE TITULO [NR]
Título [NR] Libertad real para todos qué puede justificar al capitalismo (si hay algo que pueda hacerlo)
Mención de responsabilidad, etc. [NR] Philippe Van Parijs ; traducción de J. Francisco Alvarez
260 ## - PUBLICACION, DISTRIBUCION, ETC. (PIE DE IMPRENTA) [R]
Lugar de publicación, distribución, etc. [R] Barcelona (España)
Nombre del editor, distribuidor, etc. [R] Paidós
Fecha de publicación, distribución, etc. [R] 1996
300 ## - DESCRIPCION FISICA [R]
Extensión [R] 367 páginas
490 ## - MENCION DE SERIE [R]
Mención de serie [R] Paidós Estado y Sociedad
Designación numérica/secuencial del volumen [NR] 45
504 ## - NOTA DE BIBLIOGRAFIA, ETC. [R]
Nota de bibliografía, etc. [NR]
650 04 - ASIENTO SECUNDARIO DE MATERIA - TERMINO TEMATICO [R]
Término temático o nombre geográfico como elemento de entrada [NR] Capital
9 (RLIN) 10454
650 04 - ASIENTO SECUNDARIO DE MATERIA - TERMINO TEMATICO [R]
Término temático o nombre geográfico como elemento de entrada [NR] Capitalismo
9 (RLIN) 10463
650 04 - ASIENTO SECUNDARIO DE MATERIA - TERMINO TEMATICO [R]
Término temático o nombre geográfico como elemento de entrada [NR] Democracia
Subdivisión general [R] Aspectos económicos
9 (RLIN) 30214
650 04 - ASIENTO SECUNDARIO DE MATERIA - TERMINO TEMATICO [R]
Término temático o nombre geográfico como elemento de entrada [NR] Economía
9 (RLIN) 174
650 04 - ASIENTO SECUNDARIO DE MATERIA - TERMINO TEMATICO [R]
Término temático o nombre geográfico como elemento de entrada [NR] Sistemas económicos
9 (RLIN) 24652
700 1# - ASIENTO SECUNDARIO - NOMBRE PERSONAL [R]
Nombre personal [NR] Alvarez, J. Francisco
Término de relación [R]
9 (RLIN) 163024
765 ## - ASIENTO DE IDIOMA ORIGINAL [R]
Asiento principal [NR] Real freedom for all. What (if anything) can justify capitalism?.
942 ## - ELEMENTOS DE ENTRADA AGREGADOS (KOHA)
Tipo de ítem principal el descrito en 300a Libro
Tema principal Economía
Edición 1
Parte restante de la signatura top. V217
Sistema de clasificación DEWEY
Clasificación 330.122
Existencias
Fecha de último préstamo Total préstamos Total Renewals Signatura topográfica Código de barras Última vez visto Ejemplar Price effective from Tipo de ítem Nota pública (OPAC) Perdido Sistema de clasificación Dañado No prestable Tipo de ítem específico Suprimido Ubicación habitual Ubicación actual Localización Fecha de creación Forma de adquisición Costo
17/03/2015 13 2 330.122 V217 100080917 03/12/2025 Ej.1 03/02/2013 Libro Spot Teoría Económica   DEWEY     Libro   Claustro Claustro Mezanine 28/02/2013 Compra 155000.00